Gato con botas (Registro nro. 13328)

Detalles MARC
000 -LIDER
fixed length control field 00423nam a22001697a 4500
003 - IDENTIFICACDOR DE NÚMERO DE CONTROL
control field DO-SdBNP
005 - DATE AND TIME OF LATEST TRANSACTION
control field 20180221132139.0
008 - ELEMENTOS DE LONGITUD FIJA
fixed length control field 180221b xxu||||| |||| 00| 0 spa d
020 ## - ISBN
International Standard Book Number 2764115008
040 ## - FUENTE DE CATALOGACIÓN
Agencia que crea de manera original el registro BPMSU
Idioma de catalogación spa
Agencia que realiza la transcripción BPMSU
245 ## - MENCIÓN DE TITULO
Título Gato con botas
260 ## - PUBLICACIÓN, DISTRIBUCIÓN, ETC. (PIE DE IMPRENTA)
Lugar de publicación, distribución, etc Montreal, Canada
Nombre del editor, distribuidor, etc. Tormnt
Fecha de publicación, distribución, etc 2002
300 ## - DESCRIPCIÓN FÍSICA
Extensión 10 p.
Otros detalles físicos il.
Dimensiones 12 cm
942 ## - ADDED ENTRY ELEMENTS (KOHA)
Source of classification or shelving scheme Dewey Decimal Classification
Koha item type Libros
945 ## - INFORMACIÓN DE PROCESAMIENTO LOCAL
Información de procesamiento local inventariado, 2018 / dg
956 ## - LOCAL ELECTRONIC LOCATION AND ACCESS (OCLC)
Nombre de host dgarcia
Número de acceso 10
Existencias
Withdrawn status Lost status Source of classification or shelving scheme Damaged status Not for loan Collection code Home library Current library Date acquired Source of acquisition Total Checkouts Barcode Date last seen Price effective from Koha item type
    Dewey Decimal Classification     Colección Infantil General Biblioteca Pública Metropolitana Salomé Ureña Biblioteca Pública Metropolitana Salomé Ureña 02/21/2018 Donado   BPMSU18020222 02/21/2018 02/21/2018 Libros